000 00541nam a2200169 i 4500
001 82989
003 ES-MaACL
005 20230906174748.0
007 t|
008 041112s1978 sp ||||1| spa d
245 0 0 _aEstadística de bibliotecas
_b: año 1976 /
_cInstituto Nacional de Estadística.
260 _aMadrid :
_b[s.n.],
_c1978.
300 _a30 p. ;
_c26 cm.
650 4 _aBibliotecas-
_zEspaña-
_vEstadísticas.
_9161524
710 2 _aInstituto Nacional de Estadística (España)
_95162
852 _aES-MaACL
_j2109-F-15
_bR.97545
999 _c82989
_d82989